| 000 | 00899nam a2200289 i 4500 | ||
|---|---|---|---|
| 999 |
_c200452834 _d71046 |
||
| 001 | 200452834 | ||
| 003 | TR-AnTOB | ||
| 005 | 20230406100720.0 | ||
| 007 | ta | ||
| 008 | 020715b tu a 000 0 tur d | ||
| 035 | _a(TR-AnTOB)200452834 | ||
| 040 |
_aTR-AnTOB _beng _erda _cTR-AnTOB |
||
| 041 | 0 | _atur | |
| 050 | 4 |
_aDS51.E78 _bE7 |
|
| 090 |
_aDS51.E78 _bE7 |
||
| 245 | 0 | 0 | _aErzincan Ticaret ve Sanayii Odası rehberi. |
| 264 | 1 |
_aErzincan : _bErzincan Ticaret ve Sanayi Odası, _c[date of publication not identified] |
|
| 300 |
_a200 pages : _billustrations ; _c24 cm |
||
| 336 |
_atext _btxt _2rdacontent |
||
| 337 |
_aunmediated _bn _2rdamedia |
||
| 338 |
_avolume _bnc _2rdacarrier |
||
| 500 | _aIncludes index. | ||
| 651 | 7 |
_aErzincan İli (Türkiye) _xTarih _2etuturkob _9104767 |
|
| 710 | 2 |
_aErzincan Ticaret ve Sanayi Odası _9137226 |
|
| 942 |
_2lcc _cBK |
||